[Event "Oberliga Nord W 1920"]
[Site "Germany"]
[Date "2020.02.09"]
[Round "6.4"]
[White "Nedic, Dusan"]
[Black "Beduerftig, Heinrich"]
[Result "0-1"]
[WhiteElo "2308"]
[BlackElo "2400"]
[PlyCount "92"]
[EventDate "2019.09.29"]
[EventType "team-tourn"]
[EventRounds "9"]
[EventCountry "GER"]
[SourceTitle "CBM 195 Extra"]
[Source "ChessBase"]
[SourceDate "2020.05.31"]
[SourceVersion "1"]
[SourceVersionDate "2020.05.31"]
[SourceQuality "1"]

1. d4 d5 2. c4 e6 3. Nc3 Nf6 4. Bg5 Be7 5. e3 0-0 6. Nf3 h6 7. Bh4 Ne4 8. Bxe7 Qxe7 9. Rc1 c6 10. Bd3 Nxc3 11. Rxc3 dxc4 12. Bxc4 Nd7 13. 0-0 e5 14. Bb3 e4 15. Nd2 Nf6 16. f3 exf3 17. Qxf3 Bg4 18. Qg3 Be6 19. e4 Bxb3 20. e5 Nh5 21. Qf3 Bd5 22. Qxh5 Qb4 23. Qg4 Be6 24. Qf4 Rad8 25. Nf3 Qxb2 26. Rd3 Qxa2 27. Nd2 f5 28. Rg3 Rf7 29. Nf3 Kf8 30. Qc1 Qd5 31. Qa3+ Kg8 32. h4 g5 33. hxg5 f4 34. Rh3 Bxh3 35. gxh3 hxg5 36. Kh2 Rg7 37. Rg1 Qe4 38. Qb3+ Rd5 39. Re1 Qf5 40. e6 Kf8 41. Qa3+ Re7 42. Qxa7 g4 43. Qb8+ Kg7 44. Rg1 g3+ 45. Kg2 Qc2+ 46. Kh1 Qe4 0-1

[Event "Oberliga Nord W 1819"]
[Site "Germany"]
[Date "2018.11.11"]
[Round "2.4"]
[White "Renner, Kai"]
[Black "Nedic, Dusan"]
[Result "1-0"]
[WhiteElo "2159"]
[BlackElo "2320"]
[PlyCount "111"]
[EventDate "2018.10.21"]
[EventType "team-tourn"]
[EventRounds "9"]
[EventCountry "GER"]
[SourceTitle "EXT 2020"]
[Source "ChessBase"]
[SourceDate "2019.10.17"]
[SourceVersion "1"]
[SourceVersionDate "2019.10.17"]
[SourceQuality "1"]
[WhiteTeam "Hameln"]
[BlackTeam "Tostedt"]
[WhiteTeamCountry "GER"]
[BlackTeamCountry "GER"]

1. e4 e5 2. Nf3 Nc6 3. Bb5 a6 4. Ba4 Nf6 5. 0-0 Be7 6. Re1 b5 7. Bb3 d6 8. c3 0-0 9. d4 Bg4 10. Be3 Bh5 11. h3 Re8 12. Nbd2 d5 13. exd5 Nxd5 14. dxe5 Nxe3 15. Rxe3 Bc5 16. Re4 Nxe5 17. Rxe5 Rxe5 18. g4 Re7 19. gxh5 Qd7 20. Kg2 Rae8 21. Nf1 Qc8 22. Ng3 Bd6 23. Qd5 Bxg3 24. Kxg3 c6 25. Qg5 h6 26. Qf4 c5 27. Rd1 c4 28. Bc2 Re2 29. Rd2 Rxd2 30. Qxd2 Qc7+ 31. Kg2 Qc5 32. Qd7 Kf8 33. Qg4 Re2 34. Qd4 Qe7 35. Qd1 Re6 36. Qd5 Re2 37. Nd4 Re5 38. Qa8+ Qe8 39. Qxe8+ Kxe8 40. Bd1 Kd7 41. Kf1 g6 42. hxg6 fxg6 43. Bc2 g5 44. f3 Re8 45. Kf2 Rf8 46. Ke3 Re8+ 47. Be4 Kd6 48. Nf5+ Kc5 49. Nxh6 Rh8 50. Nf7 Rxh3 51. Nxg5 Rh2 52. f4 Kd6 53. f5 Rxb2 54. f6 Rxa2 55. Nh7 Ke6 56. Bd5+ 1-0

[Event "Hamburg HSK Christmas op 3rd"]
[Site "Hamburg"]
[Date "2017.12.27"]
[Round "2"]
[White "Nedic, Dusan"]
[Black "Szobries, Torsten"]
[Result "1-0"]
[WhiteElo "2343"]
[BlackElo "2050"]
[PlyCount "95"]
[EventDate "2017.12.27"]
[EventType "swiss"]
[EventRounds "7"]
[EventCountry "GER"]
[SourceTitle "CBM 182 Extra"]
[Source "ChessBase"]
[SourceDate "2018.02.23"]
[SourceVersion "1"]
[SourceVersionDate "2018.02.23"]
[SourceQuality "1"]

1. d4 e6 2. c4 Nf6 3. Nc3 Bb4 4. e3 Bxc3+ 5. bxc3 d6 6. Bd3 c5 7. Ne2 e5 8. Ng3 Nc6 9. 0-0 0-0 10. d5 Ne7 11. Qc2 Ng6 12. f3 Re8 13. Rb1 b6 14. Kh1 Rb8 15. Bf5 Bxf5 16. Qxf5 Qc8 17. Qxc8 Rexc8 18. Nf5 Ne8 19. e4 Kf8 20. Bg5 f6 21. Bd2 Ne7 22. Ne3 Kf7 23. a4 a5 24. g3 Rc7 25. h4 Nc8 26. Rbe1 g6 27. Kg2 Ng7 28. f4 Kg8 29. Ng4 Ne8 30. fxe5 dxe5 31. Nxf6+ Nxf6 32. Rxf6 Rbb7 33. Bh6 Rf7 34. Ref1 Rbd7 35. Re6 Nd6 36. Rxe5 Rxf1 37. Kxf1 Nxc4 38. Re8+ Kf7 39. Rh8 Kf6 40. Bf4 Kg7 41. Rb8 Kf7 42. Ke2 Nb2 43. Kd2 Nxa4 44. c4 Nb2 45. Kc3 Nd1+ 46. Kc2 Nf2 47. e5 Ra7 48. e6+ 1-0

[Event "Blankenese op 1st"]
[Site "Hamburg"]
[Date "2017.10.03"]
[Round "4.3"]
[White "Nedic, Dusan"]
[Black "Kardoeus, David"]
[Result "1-0"]
[WhiteElo "2318"]
[BlackElo "2180"]
[PlyCount "41"]
[EventDate "2017.09.30"]
[EventType "swiss"]
[EventRounds "7"]
[EventCountry "GER"]
[SourceTitle "EXT 2020"]
[Source "ChessBase"]
[SourceDate "2019.10.17"]
[SourceVersion "1"]
[SourceVersionDate "2019.10.17"]
[SourceQuality "1"]

1. d4 Nf6 2. Nf3 g6 3. Bf4 d6 4. e3 Nh5 5. Bg5 h6 6. Bh4 g5 7. Nfd2 Ng7 8. Bg3 Nf5 9. Be2 Nd7 10. Nc3 Bg7 11. 0-0 c5 12. Nb3 b6 13. dxc5 Nxg3 14. fxg3 Nxc5 15. Nxc5 Bxc3 16. Bb5+ Kf8 17. bxc3 bxc5 18. Qd5 e6 19. Qxa8 Kg7 20. Qxa7 Qa5 21. Qxf7# 1-0

[Event "Hamburg CC Easter op 3rd"]
[Site "Hamburg"]
[Date "2017.04.16"]
[Round "5"]
[White "Nedic, Dusan"]
[Black "Schroeder, Christoph"]
[Result "1-0"]
[WhiteElo "2352"]
[BlackElo "2174"]
[PlyCount "80"]
[EventDate "2017.04.14"]
[EventType "swiss"]
[EventRounds "7"]
[EventCountry "GER"]
[SourceTitle "CBM 177 Extra"]
[Source "ChessBase"]
[SourceDate "2017.04.27"]
[SourceVersion "1"]
[SourceVersionDate "2017.04.27"]
[SourceQuality "1"]

1. d4 f5 2. Nf3 Nf6 3. c4 e6 4. Nc3 Bb4 5. Bd2 0-0 6. g3 a5 7. Bg2 d6 8. Qc2 Qe7 9. 0-0 e5 10. dxe5 dxe5 11. Nd5 Nxd5 12. cxd5 e4 13. Bxb4 axb4 14. Nd4 Ra5 15. Qb3 Kh8 16. Rfd1 Bd7 17. Qc4 Na6 18. Nb3 Rb5 19. f3 exf3 20. Bxf3 f4 21. gxf4 Qe3+ 22. Kg2 Rb6 23. Qd4 Rg6+ 24. Kh1 Qxf4 25. Qxf4 Rxf4 26. Rac1 Kg8 27. Rd4 Rxd4 28. Nxd4 Kf8 29. Rc4 Ke7 30. Nc2 Rb6 31. b3 c5 32. Re4+ Kd8 33. Ne3 Nc7 34. Rc4 Ra6 35. Rxc5 Rxa2 36. d6 Nb5 37. Nc4 Nd4 38. Ra5 Rxa5 39. Nxa5 Nxf3 40. exf3 Bc6 1-0

[Event "Hamburg HSK op"]
[Site "Hamburg"]
[Date "2016.12.29"]
[Round "5"]
[White "Nedic, Dusan"]
[Black "Woelk, Tom Frederic"]
[Result "1-0"]
[WhiteElo "2358"]
[BlackElo "1921"]
[PlyCount "69"]
[EventDate "2016.12.27"]
[EventType "swiss"]
[EventRounds "7"]
[EventCountry "GER"]
[SourceTitle "CBM 176 Extra"]
[Source "ChessBase"]
[SourceDate "2017.03.02"]
[SourceVersion "1"]
[SourceVersionDate "2017.03.02"]
[SourceQuality "1"]

1. d4 d5 2. c4 c6 3. Nf3 Nf6 4. e3 Bf5 5. Nc3 e6 6. Nh4 Bg4 7. f3 Bh5 8. g4 Nxg4 9. Ng2 Nf6 10. Nf4 Nbd7 11. cxd5 exd5 12. Bg2 Bd6 13. Nce2 0-0 14. 0-0 Re8 15. e4 Qb6 16. Kh1 Bxf4 17. Nxf4 dxe4 18. Nxh5 Nxh5 19. fxe4 Nhf6 20. e5 Nd5 21. Qh5 Rf8 22. Qf5 Rad8 23. Bh6 Ne7 24. Qg4 Ng6 25. Bg5 f6 26. exf6 gxf6 27. Bh6 Rf7 28. Rad1 Qc7 29. h4 f5 30. Rxf5 Rxf5 31. Qxf5 Qg3 32. Bg5 Nxh4 33. Qe6+ Kg7 34. Qh6+ Kg8 35. Bxh4 1-0

[Event "Bargteheide op"]
[Site "Bargteheide"]
[Date "2016.05.06"]
[Round "4"]
[White "Poghosyan, Tigran"]
[Black "Nedic, Dusan"]
[Result "1/2-1/2"]
[WhiteElo "2116"]
[BlackElo "2382"]
[PlyCount "101"]
[EventDate "2016.05.05"]
[EventType "swiss"]
[EventRounds "7"]
[EventCountry "GER"]
[SourceTitle "CBM 172 Extra"]
[Source "ChessBase"]
[SourceDate "2016.06.21"]
[SourceVersion "1"]
[SourceVersionDate "2016.06.21"]
[SourceQuality "1"]

1. e4 e6 2. d4 d5 3. Nd2 Nf6 4. e5 Nfd7 5. f4 c5 6. c3 Nc6 7. Ndf3 Be7 8. g3 0-0 9. Bh3 cxd4 10. cxd4 f5 11. Ne2 Nb6 12. 0-0 Bd7 13. Kh1 h5 14. Nc3 a6 15. Ng5 g6 16. Bg2 Rc8 17. h3 Kg7 18. Bf3 Qc7 19. Kg2 Rh8 20. g4 hxg4 21. hxg4 Bxg5 22. fxg5 Ne7 23. Bf4 Nc4 24. Qe2 Nxb2 25. Qxb2 Qxc3 26. Qxb7 Rc7 27. Qb6 fxg4 28. Rac1 gxf3+ 29. Rxf3 Rc6 30. Qb7 Rh2+ 31. Bxh2 Qxc1 32. Qxd7 Qxg5+ 33. Bg3 Rc2+ 34. Kf1 Rc1+ 35. Kg2 Rc2+ 36. Kf1 Rxa2 37. Qd8 Ra1+ 38. Be1 Rxe1+ 39. Kxe1 Qg1+ 40. Ke2 Qg2+ 41. Rf2 Qg4+ 42. Ke1 Qg1+ 43. Ke2 Qg4+ 44. Ke1 Qe4+ 45. Kf1 Qh1+ 46. Ke2 Nf5 47. Qf6+ Kh7 48. Qf7+ Kh6 49. Qf8+ Kh7 50. Qf7+ Kh6 51. Qf8+ 1/2-1/2

[Event "Bargteheide op"]
[Site "Bargteheide"]
[Date "2016.05.05"]
[Round "1"]
[White "Nedic, Dusan"]
[Black "Holinka, Henning"]
[Result "1-0"]
[WhiteElo "2382"]
[BlackElo "2011"]
[PlyCount "79"]
[EventDate "2016.05.05"]
[EventType "swiss"]
[EventRounds "7"]
[EventCountry "GER"]
[SourceTitle "CBM 172 Extra"]
[Source "ChessBase"]
[SourceDate "2016.06.21"]
[SourceVersion "1"]
[SourceVersionDate "2016.06.21"]
[SourceQuality "1"]

1. Nf3 g6 2. d4 Bg7 3. c4 d6 4. Nc3 Bg4 5. g3 Bxf3 6. exf3 Nc6 7. d5 Nd4 8. Be3 c5 9. dxc6 Nxc6 10. Bh3 Nf6 11. 0-0 0-0 12. f4 Qa5 13. Rc1 Rfd8 14. Bg2 Rac8 15. Qe2 Rd7 16. Rfd1 e6 17. a3 Rcd8 18. b4 Qc7 19. g4 b6 20. g5 Ne8 21. Nd5 Qc8 22. h4 Ne7 23. Nxe7+ Rxe7 24. h5 Qa6 25. Qd3 Nc7 26. h6 Bh8 27. Bd4 e5 28. Bxe5 Bxe5 29. fxe5 Rxe5 30. f4 Ree8 31. Qc3 Ne6 32. Re1 Re7 33. Bd5 Qc8 34. Rc2 Qd7 35. Rce2 Rde8 36. Qf6 a6 37. f5 gxf5 38. g6 hxg6 39. h7+ Kf8 40. Qh8# 1-0

[Event "Hamburg HSK Christmas op 1st"]
[Site "Hamburg"]
[Date "2015.12.28"]
[Round "4"]
[White "Bente, Bjoern"]
[Black "Nedic, Dusan"]
[Result "1/2-1/2"]
[WhiteElo "2249"]
[BlackElo "2361"]
[PlyCount "53"]
[EventDate "2015.12.27"]
[EventType "swiss"]
[EventRounds "7"]
[EventCountry "GER"]
[SourceTitle "EXT 2022"]
[Source "ChessBase"]
[SourceDate "2021.10.06"]
[SourceVersion "1"]
[SourceVersionDate "2021.10.06"]
[SourceQuality "1"]

1. e4 c5 2. Nf3 d6 3. Bb5+ Bd7 4. Bxd7+ Qxd7 5. c4 Nc6 6. d4 cxd4 7. Nxd4 Nf6 8. Nc3 g6 9. b3 Bg7 10. Bb2 0-0 11. 0-0 e6 12. Re1 Rfd8 13. Nxc6 Qxc6 14. Qe2 a6 15. Rac1 b6 16. h3 Qb7 17. Rc2 Rab8 18. Rd1 b5 19. e5 Ne8 20. exd6 Rxd6 21. c5 Rxd1+ 22. Nxd1 Bxb2 23. Nxb2 Nf6 24. Qe5 Nd5 25. Nd3 Rc8 26. b4 Qc7 27. Qxc7 1/2-1/2

[Event "Hamburg St Pauli op-A"]
[Site "Hamburg"]
[Date "2015.07.21"]
[Round "5"]
[White "Nedic, Dusan"]
[Black "Trent, Lawrence"]
[Result "1-0"]
[WhiteElo "2327"]
[BlackElo "2459"]
[PlyCount "58"]
[EventDate "2015.07.18"]
[EventType "swiss"]
[EventRounds "9"]
[EventCountry "GER"]
[SourceTitle "EXT 2016"]
[Source "ChessBase"]
[SourceDate "2015.10.08"]
[SourceVersion "1"]
[SourceVersionDate "2015.10.08"]
[SourceQuality "1"]

1. d4 Nf6 2. c4 g6 3. Nc3 Bg7 4. Nf3 0-0 5. g3 d6 6. Bg2 Nc6 7. 0-0 Bf5 8. d5 Na5 9. Nd2 c6 10. b4 Nxd5 11. cxd5 Bxc3 12. e4 Bg4 13. Qxg4 Bxa1 14. bxa5 cxd5 15. Nb3 Bf6 16. exd5 Rc8 17. Bh6 Re8 18. Be3 Rc2 19. Qa4 a6 20. Nd2 Rb2 21. Ne4 Rb5 22. Bb6 Qc8 23. Nxf6+ exf6 24. Qf4 Qd7 25. Qxf6 Qe7 26. Qc3 Qe5 27. Bd4 Qf5 28. Bh8 f6 29. Qxf6 Qd7 1-0

[Event "Hamburg St Pauli op-A"]
[Site "Hamburg"]
[Date "2015.07.20"]
[Round "4"]
[White "Hess, Christian"]
[Black "Nedic, Dusan"]
[Result "0-1"]
[WhiteElo "2203"]
[BlackElo "2327"]
[PlyCount "72"]
[EventDate "2015.07.18"]
[EventType "swiss"]
[EventRounds "9"]
[EventCountry "GER"]
[SourceTitle "EXT 2016"]
[Source "ChessBase"]
[SourceDate "2015.10.08"]
[SourceVersion "1"]
[SourceVersionDate "2015.10.08"]
[SourceQuality "1"]

1. c4 Nf6 2. Nc3 e5 3. Nf3 Nc6 4. a3 g6 5. g3 Bg7 6. Bg2 0-0 7. 0-0 d6 8. d3 h6 9. b4 e4 10. dxe4 Nxe4 11. Nxe4 Bxa1 12. Bxh6 Bg7 13. Bxg7 Kxg7 14. Qa1+ f6 15. Rd1 Qe7 16. Nc3 Ne5 17. Nd5 Qf7 18. Qc3 Bg4 19. Nd4 c6 20. h3 Bd7 21. Ne3 Qe7 22. f4 Nf7 23. Ng4 c5 24. bxc5 dxc5 25. Nf3 Bxg4 26. hxg4 Rad8 27. Rd5 Rxd5 28. cxd5 Re8 29. Kh2 Qe3 30. Qa1 Rh8+ 31. Nh4 Qd4 32. Qb1 g5 33. e3 Qxe3 34. Qg6+ Kf8 35. Qxf6 gxh4 36. gxh4 Rh6 0-1

[Event "Hamburg St Pauli op-A"]
[Site "Hamburg"]
[Date "2015.07.19"]
[Round "2"]
[White "Nedic, Dusan"]
[Black "Kock, Stefan"]
[Result "1-0"]
[WhiteElo "2327"]
[BlackElo "2136"]
[PlyCount "87"]
[EventDate "2015.07.18"]
[EventType "swiss"]
[EventRounds "9"]
[EventCountry "GER"]
[SourceTitle "EXT 2016"]
[Source "ChessBase"]
[SourceDate "2015.10.08"]
[SourceVersion "1"]
[SourceVersionDate "2015.10.08"]
[SourceQuality "1"]

1. d4 Nf6 2. c4 g6 3. Nf3 Bg7 4. g3 d5 5. Bg2 0-0 6. 0-0 dxc4 7. Na3 Nbd7 8. Nxc4 c6 9. Bf4 Nd5 10. Bg5 h6 11. Bd2 N7f6 12. Nfe5 Ne8 13. Qb3 Kh7 14. Ba5 Nec7 15. Rac1 f6 16. Nd3 e6 17. e4 Ne7 18. Rfd1 Rb8 19. Nf4 b6 20. Bb4 g5 21. Nh5 Bh8 22. e5 f5 23. Bd6 Bd7 24. a4 Rf7 25. Bxc7 Qxc7 26. Nd6 Rff8 27. Nb5 Qb7 28. Qa3 Nd5 29. Bxd5 exd5 30. Qd6 Be8 31. Nf6+ Bxf6 32. exf6 Rf7 33. Nc3 Rc8 34. Re1 Qd7 35. Qe5 Rd8 36. f4 Kg6 37. fxg5 hxg5 38. h4 g4 39. Ne2 Rxf6 40. Nf4+ Kf7 41. Nh5 Rg6 42. Qh8 Qd6 43. Re5 Rb8 44. Rce1 1-0

[Event "Hamburg St Pauli op-A"]
[Site "Hamburg"]
[Date "2015.07.19"]
[Round "3"]
[White "Nedic, Dusan"]
[Black "Socko, Bartosz"]
[Result "1/2-1/2"]
[WhiteElo "2327"]
[BlackElo "2624"]
[PlyCount "58"]
[EventDate "2015.07.18"]
[EventType "swiss"]
[EventRounds "9"]
[EventCountry "GER"]
[SourceTitle "EXT 2016"]
[Source "ChessBase"]
[SourceDate "2015.10.08"]
[SourceVersion "1"]
[SourceVersionDate "2015.10.08"]
[SourceQuality "1"]

1. d4 Nf6 2. c4 e6 3. Nf3 b6 4. g3 Bb7 5. Bg2 Be7 6. 0-0 0-0 7. Nc3 Ne4 8. Bd2 f5 9. Rc1 Bf6 10. Qc2 Nxc3 11. Bxc3 Be4 12. Qb3 a5 13. Rfe1 Nc6 14. d5 Bxc3 15. Rxc3 a4 16. Qd1 exd5 17. cxd5 Nb4 18. Rc4 Na6 19. Rxa4 Nc5 20. Rxa8 Qxa8 21. b4 Na6 22. d6 c5 23. bxc5 Nxc5 24. Qd2 Rf6 25. Rd1 h6 26. Qb2 Qb8 27. Qd4 Qa8 28. Qb2 Qb8 29. Qd4 Qa8 1/2-1/2

[Event "Oberliga Nord N 1415"]
[Site "Germany"]
[Date "2014.10.19"]
[Round "2.2"]
[White "Nedic, Dusan"]
[Black "Voigt, Martin"]
[Result "1-0"]
[WhiteElo "2315"]
[BlackElo "2311"]
[PlyCount "87"]
[EventDate "2014.09.21"]
[EventType "team-tourn"]
[EventRounds "9"]
[EventCountry "GER"]
[SourceTitle "EXT 2016"]
[Source "ChessBase"]
[SourceDate "2015.10.08"]
[SourceVersion "1"]
[SourceVersionDate "2015.10.08"]
[SourceQuality "1"]
[WhiteTeam "Hamburg SF"]
[BlackTeam "Hamburg St Pauli"]
[WhiteTeamCountry "GER"]
[BlackTeamCountry "GER"]

1. d4 Nf6 2. c4 c5 3. d5 e6 4. Nc3 exd5 5. cxd5 d6 6. Nf3 g6 7. Bf4 a6 8. a4 Bg7 9. e4 Bg4 10. Be2 0-0 11. 0-0 Qe7 12. Qc2 Re8 13. Rfe1 Nbd7 14. h3 Bxf3 15. Bxf3 Ne5 16. Be2 Nfd7 17. a5 c4 18. Be3 Rac8 19. Qd2 Nc5 20. Bxc5 Rxc5 21. Na4 Rb5 22. Rac1 Qh4 23. f4 Nd3 24. Bxd3 cxd3 25. Kh2 Rxa5 26. g3 Qd8 27. Nc3 h5 28. Qxd3 h4 29. g4 g5 30. e5 gxf4 31. exd6 Rxe1 32. Rxe1 Bxc3 33. bxc3 Qxd6 34. Re8+ Kg7 35. Qd4+ f6 36. Re6 Ra2+ 37. Kg1 Qd8 38. d6 Ra1+ 39. Kf2 Ra2+ 40. Kf3 Qf8 41. Re7+ Kh8 42. Qe4 f5 43. Qe5+ Kg8 44. Re8 1-0

[Event "Hamburg St Pauli op-A"]
[Site "Hamburg"]
[Date "2014.07.22"]
[Round "4"]
[White "Nedic, Dusan"]
[Black "Kololli, Martin"]
[Result "1/2-1/2"]
[WhiteElo "2323"]
[BlackElo "2093"]
[PlyCount "86"]
[EventDate "2014.07.19"]
[EventType "swiss"]
[EventRounds "9"]
[EventCountry "GER"]
[SourceTitle "CBM 161 Extra"]
[Source "ChessBase"]
[SourceDate "2014.08.29"]
[SourceVersion "1"]
[SourceVersionDate "2014.08.29"]
[SourceQuality "1"]

1. d4 d5 2. c4 e6 3. Nc3 Nf6 4. Bg5 Be7 5. e3 h6 6. Bh4 0-0 7. Nf3 b6 8. Be2 Bb7 9. Bxf6 Bxf6 10. cxd5 exd5 11. 0-0 Nd7 12. Qb3 c6 13. Rfe1 Re8 14. e4 Nf8 15. e5 Be7 16. Rad1 Ne6 17. a3 Qc8 18. g3 Ba6 19. Qc2 Bxe2 20. Qxe2 Rd8 21. Rd2 Qb7 22. Red1 a5 23. a4 Qa6 24. Qxa6 Rxa6 25. Ne1 Bb4 26. Nc2 Nc7 27. Rd3 Rb8 28. Ne3 Bxc3 29. Rxc3 b5 30. axb5 Rxb5 31. Rd2 Rab6 32. Ra3 Ne6 33. Nf5 g6 34. Nxh6+ Kg7 35. Ng4 Rxb2 36. Rdd3 R6b4 37. Rxa5 Rxd4 38. Rxd4 Nxd4 39. Ra8 Nf3+ 40. Kg2 Ne1+ 41. Kf1 Nf3 42. Kg2 Ne1+ 43. Kf1 Nf3 1/2-1/2